Wird geladen...

FOXPRO 2.5 MADE SIMPLE : FOR DOS & WINDOWS

Bibliographische Detailangaben
1. Verfasser: TAXALI.R.K
Format: Printed Book
Veröffentlicht: NEW DELHI PB PUBLICATIONS 2006
Schlagworte:
LEADER 01068nam a22002057a 4500
020 |a 8170296897 (PBK) 
082 |a 005.5 TAX/FO 
100 |a TAXALI.R.K. 
245 |a FOXPRO 2.5 MADE SIMPLE : FOR DOS & WINDOWS 
260 |a NEW DELHI  |b PB PUBLICATIONS  |c 2006 
300 |a 592P. 
650 |a GETTING AND STARTED 
650 |a VIEWING AND EDITING DATA 
650 |a MULTIPLE DATABASE FILE 
942 |c BK 
999 |c 167481  |d 167481 
952 |0 0  |1 0  |4 0  |6 005_500000000000000_TAX_FO  |7 0  |9 171246  |a KAUCOAP  |b KAUCOAP  |c GEN  |d 2013-08-03  |g 300.00  |o 005.5 TAX/FO  |p KAU_COAP02920  |r 2013-08-03  |w 2013-08-03  |y BK 
952 |0 0  |1 0  |4 0  |6 005_500000000000000_TAX_FO  |7 0  |9 171247  |a KAUCOAP  |b KAUCOAP  |c GEN  |d 2013-08-12  |g 300.00  |o 005.5 TAX/FO  |p KAU_COAP02922  |r 2013-08-12  |w 2013-08-12  |y BK 
952 |0 0  |1 0  |4 0  |6 005_500000000000000_TAX_FO  |7 0  |9 171248  |a KAUCOAP  |b KAUCOAP  |c AV  |d 2013-08-12  |g 300.00  |o 005.5 TAX/FO  |p KAU_COAP02921  |r 2013-08-12  |w 2013-08-12  |y BK 
952 |0 0  |1 0  |4 0  |6 005_500000000000000_TAX_FO  |7 0  |9 171249  |a KAUCOAP  |b KAUCOAP  |c GEN  |d 2013-08-12  |g 300.00  |o 005.5 TAX/FO  |p KAU_COAP02919  |r 2013-08-12  |w 2013-08-12  |y BK